Simulation modeling and analysis / (Record no. 61605)

000 -LEADER
fixed length control field 01441pam a2200337 a 4500
001 - CONTROL NUMBER
control field 1998887
003 - CONTROL NUMBER IDENTIFIER
control field NUST-PNEC
005 - DATE AND TIME OF LATEST TRANSACTION
control field 20170116180726.0
008 - FIXED-LENGTH DATA ELEMENTS--GENERAL INFORMATION
fixed length control field 900703s1991 nyuaf b 001 0 eng
010 ## - LIBRARY OF CONGRESS CONTROL NUMBER
LC control number 90042969
020 ## - INTERNATIONAL STANDARD BOOK NUMBER
International Standard Book Number 0070366985
040 ## - CATALOGING SOURCE
Original cataloging agency DLC
Transcribing agency PNEC
Modifying agency DLC
050 00 - LIBRARY OF CONGRESS CALL NUMBER
Classification number QA76.9.C65
Item number L38 1991
082 00 - DEWEY DECIMAL CLASSIFICATION NUMBER
Classification number 003.3 LAW
Edition number 20
100 1# - MAIN ENTRY--PERSONAL NAME
Personal name Law, Averill M.
245 10 - TITLE STATEMENT
Title Simulation modeling and analysis /
Statement of responsibility, etc. Averill M. Law, W. David Kelton.
250 ## - EDITION STATEMENT
Edition statement 2nd ed.
260 ## - PUBLICATION, DISTRIBUTION, ETC.
Place of publication, distribution, etc. New york :
Name of publisher, distributor, etc. McGraw-Hill,
Date of publication, distribution, etc. c1991.
300 ## - PHYSICAL DESCRIPTION
Extent xxii, 759 p., [2] p. of plates :
Other physical details ill. (some col.) ;
Dimensions 24 cm.
440 #0 - SERIES STATEMENT/ADDED ENTRY--TITLE
Title McGraw-Hill series in industrial engineering and management science
500 ## - GENERAL NOTE
General note Cover title: Simulation modeling & analysis. Includes index.
504 ## - BIBLIOGRAPHY, ETC. NOTE
Bibliography, etc. note Includes bibliographical references and indexes.
650 #0 - SUBJECT ADDED ENTRY--TOPICAL TERM
Topical term or geographic name entry element Digital computer simulation.
General subdivision MIS, Computer
700 1# - ADDED ENTRY--PERSONAL NAME
Personal name Kelton, W. David.
740 0# - ADDED ENTRY--UNCONTROLLED RELATED/ANALYTICAL TITLE
Uncontrolled related/analytical title Simulation modeling & analysis.
856 42 - ELECTRONIC LOCATION AND ACCESS
Uniform Resource Identifier <a href="http://www.amazon.com/Simulation-Modeling-Industrial-Engineering-Management/dp/0070366985/ref=sr_1_1?ie=UTF8&qid=1415248447&sr=8-1&keywords=0070366985">http://www.amazon.com/Simulation-Modeling-Industrial-Engineering-Management/dp/0070366985/ref=sr_1_1?ie=UTF8&qid=1415248447&sr=8-1&keywords=0070366985</a>
856 41 - ELECTRONIC LOCATION AND ACCESS
Materials specified Table of contents only
Uniform Resource Identifier <a href="http://www.loc.gov/catdir/enhancements/fy0602/90042969-t.html">http://www.loc.gov/catdir/enhancements/fy0602/90042969-t.html</a>
906 ## - LOCAL DATA ELEMENT F, LDF (RLIN)
a 7
b cbc
c orignew
d 1
e ocip
f 19
g y-gencatlg
942 ## - ADDED ENTRY ELEMENTS (KOHA)
Source of classification or shelving scheme
Koha item type Book
Holdings
Withdrawn status Lost status Source of classification or shelving scheme Damaged status Not for loan Permanent Location Current Location Shelving location Date acquired Source of acquisition Cost, normal purchase price Total Checkouts Full call number Barcode Date last seen Cost, replacement price Price effective from Koha item type
          Pakistan Navy Engineering College (PNEC) Pakistan Navy Engineering College (PNEC)     Donated By S K Hasnain 975.00   003.3 LAW PNECLIB-029986 11/06/2014 975.00   Book
          Pakistan Navy Engineering College (PNEC) Pakistan Navy Engineering College (PNEC)   11/06/2001 Fair Book Center 800.00   003.3 LAW PNECLIB-025412 11/06/2014 800.00 11/06/2001 Book
© 2023 Central Library, National University of Sciences and Technology. All Rights Reserved.